000 00912cab a22002055a 4500
001 L144112
008 080619e20080614xxka f v 000 0 eng d
035 _a(Sirsi) u144112
041 0 _aeng
100 1 _aWilmot-Smith, Andrew
245 0 4 _aThe way to hedge your bets
260 _c2008
490 0 _aEstates Gazette
_v(823) 14 June 2008, 112-113(2)
520 _aA Mainly for Students article, explaining what derivatives are and what to consider when investing in them. Suggests that derivatives are an increasingly attractive method of managing exposure in uncertain economic times. Gives a simplified example of a property total return swap. Explains the advantages and disadvantages of dealing in derivatives rather than actual property.
590 _aKA
651 4 _aUnited Kingdom
_y
690 _aPROPERTY-COMMERCIAL PROPERTY-COMMERCIAL PROPERTY MARKET
700 1 _aStone, Nigel
942 _n0
999 _c80347
_d80347